| 000 | 00361nam a2200157Ia 4500 | ||
|---|---|---|---|
| 005 | 20250425063009.0 | ||
| 008 | 240331s9999 xx 000 0 und d | ||
| 020 | _a9552014522 | ||
| 082 |
_bDES _a891 |
||
| 100 | _aDe Silva,A | ||
| 245 | 0 | _aAmbara | |
| 260 |
_aColombo _bGodake & Sons _c1995 |
||
| 300 | _a172 p ., | ||
| 500 | _aA Translation Story | ||
| 942 | _cL | ||
| 999 |
_c4847 _d4847 |
||